000 00411nam a22001457a 4500
005 20260430122446.0
008 180119b xxu||||| |||| 00| 0 eng d
040 _cPK-LaUMT
082 _aPKAC 297
_bABU-T
100 1 _aMaududi, Syed Abul Ala
_911418
245 _aTowards understanding Islam /
_cAbul Ala Maududi
260 _aDamascus:
_bThe Holy Quran Publishing House,
_c1977
300 _a179
942 _cBK
999 _c101894
_d101894